00309nam a2200121Ia 4500008004500000022001200045041000800057082001400065100001600079245005600095260002400151300001200175240112s1956 NOV xx 000 0 und d a54-6097 aeng a618.92705 aBIGLER J.A. aPEDIATRIC CLINICS OF NORTH AMERICA: THE CHILD MONTH bSAUNDERS c1956 NOV a1137,HB